Normal view
MARC view
Entry Topical Term
001 - CONTROL NUMBER
- control field: 54711
003 - CONTROL NUMBER IDENTIFIER
- control field: OSt
005 - DATE AND TIME OF LATEST TRANSACTION
- control field: 20220803155545.0
008 - FIXED-LENGTH DATA ELEMENTS
- fixed length control field: 220803|| aca||aabn | a|a d
040 ## - CATALOGING SOURCE
- Original cataloging agency: OSt
- Transcribing agency: OSt
150 ## - HEADING--TOPICAL TERM
- Topical term or geographic name entry element: Hindi Poetry: हिंदी कविता
670 ## - SOURCE DATA FOUND
- Source citation: Work cat.: (OSt): Mulchandr Patak: मूलचंद्र पाठक 54710, Bhatrhari ka niti shatak: भतृहरि का निति शतक , 2003